000 01070cam a2200313 i 4500
001 16312
003 BD-RjUL
005 20211209000008.0
008 140213s1974 enkaf b 001 0 eng
020 _a0140560084 :
035 _a(BD-RjUL)16367
040 _aDLC
_cDLC
_dDLC
_dBD-RjUL
_beng
041 _aeng
082 0 0 _a709.52
_bPAA
100 1 _aPaine, Robert Treat,
_d1900-1965.
_950434
245 1 4 _aThe art and architecture of Japan /
_cRobert Treat Paine, Alexander Soper.
250 _a2d ed. /
260 _aHarmondsworth, Eng. ;
_aBaltimore :
_bPenguin Books,
_c1974.
300 _axviii, 328 p., [87] leaves of plates :
_bill. (1 col.) ;
_c27 cm.
504 _aIncludes Bibliography: p. 293-306.and index.
505 0 _aPaine, R. T. Painting and sculpture.--Soper, A. Architecture.
650 0 _aArt, Japanese.
_941659
650 0 _aArchitecture
_zJapan
_xHistory.
_950436
700 1 _aSoper, Alexander Coburn,
_d1904-
_950437
942 _2ddc
_cBK
999 _c16312
_d16312